000 00393nam a2200145Ia 4500
008 210210b1995 xxu||||| |||| 00| 0 eng d
082 _a181.4 KRIT
100 _aKRISHNAMURTI (J).
245 _aTradition and revolution.
260 _aChennai
_bKrishnamurti Foundation Trust
_c1995
300 _aviii,254
650 _aTradition Revolution
690 _aIndian Philosophy
906 _aSG03373
999 _c114441
_d114441